[Event "Southend Easter op 64th"]
[Site "Southend"]
[Date "2022.04.16"]
[Round "4"]
[White "Barton, Tom A"]
[Black "Young, Craig A"]
[Result "1-0"]
[WhiteElo "1779"]
[BlackElo "2049"]
[PlyCount "65"]
[EventDate "2022.04.15"]
[EventType "swiss"]
[EventRounds "7"]
[EventCountry "ENG"]
[SourceTitle "CBM 207 Extra"]
[Source "ChessBase"]
[SourceDate "2022.05.31"]
[SourceVersion "1"]
[SourceVersionDate "2022.05.31"]
[SourceQuality "1"]

1. e4 e5 2. Nf3 Nc6 3. d4 exd4 4. Nxd4 Nf6 5. Nxc6 bxc6 6. e5 Qe7 7. Qe2 Nd5 8. c4 Ba6 9. b3 g6 10. Bb2 Bg7 11. Nd2 Nb4 12. Ne4 0-0 13. Nf6+ Bxf6 14. exf6 Nc2+ 15. Kd2 Qxe2+ 16. Bxe2 Nxa1 17. Rxa1 d5 18. Ba3 Rfe8 19. Be7 dxc4 20. Kc3 Rab8 21. bxc4 c5 22. Bd1 Rb6 23. Ba4 Reb8 24. Rd1 Rb2 25. Bxc5 Rxa2 26. Bb3 Re2 27. Bxa7 Ra8 28. Be3 h5 29. Rd7 Bb7 30. Rxc7 Bxg2 31. c5 Rb8 32. Bxf7+ Kf8 33. Bh6# 1-0

[Event "BCF-chT3 0607 (4NCL)"]
[Site "Sunningdale"]
[Date "2006.09.17"]
[Round "2.7"]
[White "Barton, Tom A"]
[Black "Fraser Mitchell, Jeremy N"]
[Result "1/2-1/2"]
[WhiteElo "1940"]
[BlackElo "2077"]
[PlyCount "43"]
[EventDate "2006.09.16"]
[EventType "team"]
[EventRounds "11"]
[EventCountry "ENG"]
[SourceTitle "CBM 115 Extra"]
[Source "ChessBase"]
[SourceDate "2007.01.10"]
[SourceVersion "1"]
[SourceVersionDate "2007.01.10"]
[SourceQuality "1"]
[WhiteTeam "Mindsports"]
[BlackTeam "FCA Solutions"]
[WhiteTeamCountry "ENG"]
[BlackTeamCountry "ENG"]

1. e4 e6 2. d4 d5 3. e5 c5 4. c3 Nc6 5. Nf3 Bd7 6. Bd3 Rc8 7. dxc5 Bxc5 8. 0-0 Qc7 9. Bf4 Nge7 10. Qe2 0-0 11. Nbd2 f6 12. Bg3 fxe5 13. Bxh7+ Kxh7 14. Ng5+ Kg8 15. Qh5 Rf5 16. Ndf3 Bd6 17. Qh7+ Kf8 18. Qh8+ Ng8 19. Nh7+ Kf7 20. Nhg5+ Kf8 21. Nh7+ Kf7 22. Nhg5+ 1/2-1/2

[Event "BCF-chT3 0607 (4NCL)"]
[Site "Sunningdale"]
[Date "2006.09.16"]
[Round "1.7"]
[White "Farnan, Stuart A"]
[Black "Barton, Tom A"]
[Result "0-1"]
[WhiteElo "2020"]
[BlackElo "1940"]
[PlyCount "42"]
[EventDate "2006.09.16"]
[EventType "team"]
[EventRounds "11"]
[EventCountry "ENG"]
[SourceTitle "CBM 115 Extra"]
[Source "ChessBase"]
[SourceDate "2007.01.10"]
[SourceVersion "1"]
[SourceVersionDate "2007.01.10"]
[SourceQuality "1"]
[WhiteTeam "Bristol II"]
[BlackTeam "Mindsports"]
[WhiteTeamCountry "ENG"]
[BlackTeamCountry "ENG"]

1. d4 f5 2. Bg5 Nf6 3. Nc3 e6 4. e4 fxe4 5. Bxf6 Qxf6 6. Nxe4 Qh6 7. Bd3 d5 8. Ng3 Nc6 9. c3 Bd6 10. Nf3 Bd7 11. 0-0 0-0-0 12. Re1 Bf4 13. b4 Rhf8 14. a4 g5 15. a5 g4 16. Ne5 Nxe5 17. dxe5 Qg5 18. Qe2 Bd2 19. Red1 Bxc3 20. Rab1 Bxe5 21. b5 Bd4 0-1